| 000 | 00580nam a22001457a 4500 | ||
|---|---|---|---|
| 020 | _a978-1-4169-0605-6 | ||
| 082 |
_a823 _bKEE/N |
||
| 100 | _aKEENE, CAROLYN | ||
| 245 | _aNANCY DREW - DANGEROUS PLAYS | ||
| 260 |
_aNEW YORK _bALADDIN PAPERBACKS _c2006 |
||
| 300 | _a146 | ||
| 520 | _aTakes place in England. Nancy Drew, the best girl detective, is all set for a vacation to London,England with her Dad and her best friend Bess. That is until her boyfriend Ned calls and asks her to meet his shakespeare professor, Dr. Burnham. | ||
| 650 |
_aDETECTIVE _zUNITED STATES |
||
| 942 | _cBK | ||
| 999 |
_c7856 _d7856 |
||